| 000 | 00737 a2200193 4500 | ||
|---|---|---|---|
| 999 |
_c7752 _d7752 |
||
| 020 | _a8120320999 | ||
| 050 | _aT 58.6 LAU 2002 | ||
| 100 |
_aLaudon, Kenneth C. _eauthor |
||
| 245 |
_aManagement information systems : _bmanaging the digital firm / _cKenneth C Laudon; Jane Price Laudon |
||
| 250 | _a7th edition | ||
| 264 |
_aUpper Saddle River, N.J. : _bPrentice Hall, _c20002. |
||
| 300 |
_a1 volume (various pagings) : _bill. (col.) ; 29cm. |
||
| 500 | _aIncludes bibliographical references and index. | ||
| 650 | _aManagement information systems. | ||
| 650 | _aInformation technology - management. | ||
| 650 | _aInformation resources management. | ||
| 700 |
_aJane Laudon _eauthor |
||
| 942 |
_2lcc _cBK _e7th edition _h58.6 _iLAU _kT |
||